<?xml version="1.0" encoding="UTF-8"?>
<record
    xmlns:xsi="http://www.w3.org/2001/XMLSchema-instance"
    xsi:schemaLocation="http://www.loc.gov/MARC21/slim http://www.loc.gov/standards/marcxml/schema/MARC21slim.xsd"
    xmlns="http://www.loc.gov/MARC21/slim">

  <leader>01318nac a22002291u 4500</leader>
  <controlfield tag="008">110112t        xxu||||| |||| 00| 0 eng d</controlfield>
  <datafield tag="020" ind1=" " ind2=" ">
    <subfield code="a">977424513X</subfield>
  </datafield>
  <datafield tag="082" ind1=" " ind2=" ">
    <subfield code="a">338.962</subfield>
    <subfield code="b">CAI</subfield>
  </datafield>
  <datafield tag="100" ind1=" " ind2=" ">
    <subfield code="a">20080729                     </subfield>
    <subfield code="9">21946</subfield>
  </datafield>
  <datafield tag="111" ind1=" " ind2=" ">
    <subfield code="4">Cairo Papers 20th Anniversary Symposium</subfield>
    <subfield code="c">Cairo,Egypt</subfield>
    <subfield code="d">(1997 :</subfield>
    <subfield code="9">21947</subfield>
  </datafield>
  <datafield tag="245" ind1=" " ind2=" ">
    <subfield code="a">Twenty Years of Development in Egypt : </subfield>
    <subfield code="b">Cairo Papers 1977 - 1997 : 20th Anniversary Symposium 1 Economy, politics, regional relations /</subfield>
    <subfield code="c">Guest editor Mark C. Kennedy</subfield>
  </datafield>
  <datafield tag="246" ind1=" " ind2=" ">
    <subfield code="a">&#x639;&#x634;&#x631;&#x648;&#x646; &#x639;&#x627;&#x645;&#x627; &#x645;&#x646; &#x627;&#x644;&#x62A;&#x646;&#x645;&#x64A;&#x629; &#x641;&#x64A; &#x645;&#x635;&#x631;:  </subfield>
    <subfield code="b">1977-1997. &#x62C;1&#x60C; &#x627;&#x644;&#x625;&#x642;&#x62A;&#x635;&#x627;&#x62F;&#x60C; &#x627;&#x644;&#x633;&#x64A;&#x627;&#x633;&#x629;&#x60C; &#x648;&#x627;&#x644;&#x639;&#x644;&#x627;&#x642;&#x627;&#x62A; &#x627;&#x644;&#x625;&#x642;&#x644;&#x64A;&#x645;&#x64A;&#x629;. &#x628;&#x62D;&#x648;&#x62B; &#x627;&#x644;&#x642;&#x627;&#x647;&#x631;&#x629;. &#x646;&#x62F;&#x648;&#x629; &#x627;&#x644;&#x639;&#x64A;&#x62F; &#x627;&#x644;&#x639;&#x634;&#x631;&#x64A;&#x646; / &#x62A;&#x62D;&#x631;&#x64A;&#x631; &#x645;&#x627;&#x631;&#x643; &#x643;&#x646;&#x64A;&#x62F;&#x64A;</subfield>
  </datafield>
  <datafield tag="260" ind1=" " ind2=" ">
    <subfield code="a">Cairo, Egypt :</subfield>
    <subfield code="b">American University in Cairo Press,</subfield>
    <subfield code="c">1999</subfield>
  </datafield>
  <datafield tag="300" ind1=" " ind2=" ">
    <subfield code="a">200 p. ;</subfield>
    <subfield code="c">22 cm.</subfield>
  </datafield>
  <datafield tag="504" ind1=" " ind2=" ">
    <subfield code="a">Includes bibliographical references</subfield>
  </datafield>
  <datafield tag="505" ind1=" " ind2=" ">
    <subfield code="a">pt. 1. Economy, politics, regional relations / guest  - - pt. 2. Society, culture,education, law, women / guest editor, Mark C. Kennedy</subfield>
  </datafield>
  <datafield tag="651" ind1=" " ind2=" ">
    <subfield code="a">Egypt</subfield>
    <subfield code="x">Economic conditions</subfield>
    <subfield code="y">1952-</subfield>
    <subfield code="9">21948</subfield>
  </datafield>
  <datafield tag="651" ind1=" " ind2=" ">
    <subfield code="a">Egypt</subfield>
    <subfield code="x">Politics and government</subfield>
    <subfield code="y">1970-</subfield>
    <subfield code="9">21949</subfield>
  </datafield>
  <datafield tag="700" ind1=" " ind2=" ">
    <subfield code="a">Kennedy, Mark C.</subfield>
    <subfield code="9">21950</subfield>
  </datafield>
  <datafield tag="830" ind1=" " ind2=" ">
    <subfield code="a">Cairo papers in social science ; v. 21, nos. 3-4</subfield>
    <subfield code="9">21951</subfield>
  </datafield>
  <datafield tag="942" ind1=" " ind2=" ">
    <subfield code="c">BB</subfield>
    <subfield code="k">338.962 CAI</subfield>
    <subfield code="2">ddc</subfield>
  </datafield>
  <datafield tag="999" ind1=" " ind2=" ">
    <subfield code="c">2634</subfield>
    <subfield code="d">2634</subfield>
  </datafield>
  <datafield tag="952" ind1=" " ind2=" ">
    <subfield code="0">0</subfield>
    <subfield code="1">0</subfield>
    <subfield code="2">ddc</subfield>
    <subfield code="4">0</subfield>
    <subfield code="7">0</subfield>
    <subfield code="8"> </subfield>
    <subfield code="a">MAIN</subfield>
    <subfield code="b">MAIN</subfield>
    <subfield code="c">1ST</subfield>
    <subfield code="d">2011-01-12</subfield>
    <subfield code="e">purchase</subfield>
    <subfield code="l">12</subfield>
    <subfield code="m">7</subfield>
    <subfield code="o">338.962 CAI</subfield>
    <subfield code="p">000001811</subfield>
    <subfield code="r">2025-07-15 00:00:00</subfield>
    <subfield code="s">2018-03-07</subfield>
    <subfield code="v">20.00</subfield>
    <subfield code="y">BB</subfield>
  </datafield>
</record>
